000 00234nam a2200097Ia 4500
001 1205856
005 20251009141854.0
008 250824s9999 xx 000 0 und d
245 0 _aBABAMA
_cAYŞE KULİN
260 _bEVEREST YAYINLARI
999 _c1205856
_d1205856